| 000 | 00930nam a2200265 a 4500 | ||
|---|---|---|---|
| 001 | 000013110 | ||
| 005 | 20240412074237.0 | ||
| 008 | 091120s2005 dr 000 f spa d | ||
| 020 | _z9993477944 | ||
| 040 |
_aDO-SdBNP _bspa _cBNPHU |
||
| 082 |
_aRD863.44 _bS211c |
||
| 100 | 1 |
_aSánchez Hernández, Antonio _99746 |
|
| 245 | 1 | 4 |
_aLos cuentos del abuelo Lisandro / _cAntonio Sánchez Hernández. |
| 260 |
_aSanto Domingo : _bUniversitaria, _c2005. |
||
| 300 |
_a230 p. ; _c21 cm. |
||
| 490 | 1 |
_aUniversidad Autónoma de Santo Domingo _v817 |
|
| 490 | 1 |
_aLiteratura y Sociedad _v53 |
|
| 590 | _aLa biblioteca posee 2 ejemplares autografiados | ||
| 590 | _aInventariado, 2019/VM | ||
| 650 | 0 |
_aCuentos dominicanos _9176 |
|
| 650 | 0 |
_aLiteratura dominicana. _967 |
|
| 830 | 0 |
_aUniversidad Autónoma de Santo Domingo _v817 _917164 |
|
| 830 | 0 |
_aLiteratura y Sociedad _v53 _912032 |
|
| 910 | _aValidado. Control de calidad MMOLINA | ||
| 999 |
_c12752 _d12752 |
||